[Event "SK Turm Emsdetten 2 - SV Wattenscheid 2"]
[Site "Oberliga NRW 2013/2014"]
[Date "2013.10.06"]
[Round "2.3"]
[White "Hopman, Pieter"]
[Black "Kuipers, Stefan"]
[Result "1-0"]
[WhiteElo "2309"]
[BlackElo "2373"]
[PlyCount "75"]
[EventDate "2013.??.??"]
[WhiteTeam "SV Wattenscheid 2"]
[BlackTeam "SK Turm Emsdetten 2"]

1. d4 d5 2. Nf3 Nf6 3. c4 c6 4. e3 Bg4 5. Qb3 Qb6 6. Nc3 e6 7. Nh4 Bh5 8. h3
Be7 9. g4 Bg6 10. Nxg6 hxg6 11. Bg2 g5 12. Bd2 Nbd7 13. c5 Qxb3 14. axb3 a6 15.
b4 O-O-O 16. f3 Ne8 17. Ke2 e5 18. Kd3 Nc7 19. Ne2 Bf6 20. f4 gxf4 21. exf4
exd4 22. Nxd4 Bxd4 23. Kxd4 b6 24. cxb6 Nb5+ 25. Kd3 Kb7 26. Rae1 Kxb6 27. Re7
Rhf8 28. Rc1 Kc7 29. f5 Kd6 30. Rce1 c5 31. b3 Rc8 32. Bf4+ Kc6 33. Ra1 Ra8 34.
Rc1 a5 35. Rxd7 Kxd7 36. Rxc5 Nd6 37. Rxd5 Ra6 38. bxa5 1-0

[Event "SK Turm Emsdetten 2 - SV Wattenscheid 2"]
[Site "Oberliga NRW 2013/2014"]
[Date "2013.10.06"]
[Round "2.4"]
[White "Fiebig, Thomas"]
[Black "Kerigan, Demre"]
[Result "1/2-1/2"]
[WhiteElo "2379"]
[BlackElo "2261"]
[Annotator "Doe,John"]
[PlyCount "124"]
[EventDate "2013.??.??"]
[WhiteTeam "SK Turm Emsdetten 2"]
[BlackTeam "SV Wattenscheid 2"]

1. e4 e5 2. Nf3 Nc6 3. Bb5 a6 4. Bxc6 dxc6 5. Nc3 Bd6 6. d4 exd4 7. Qxd4 f6 8.
Be3 Be6 9. O-O-O Ne7 10. Qd2 Bf7 11. Bf4 Bxf4 12. Qxf4 Qc8 13. e5 O-O 14. exf6
Nd5 15. Qg3 Nxf6 16. Rhe1 Qg4 17. Qxg4 Nxg4 18. Rd7 Rac8 19. Ree7 h6 20. Rxc7
Rxc7 21. Rxc7 Rb8 22. Ne4 Bd5 23. Nfd2 Re8 24. f3 Ne3 25. Rxb7 Nxg2 26. Rb6 Nh4
27. c4 Bf7 28. Rxc6 Nxf3 29. Nf6+ gxf6 30. Nxf3 Re2 31. a4 a5 32. c5 Bd5 33.
Rc8+ Kf7 34. Nd4 Re4 35. Nf5 Rxa4 36. Ne3 Be6 37. Rc7+ Ke8 38. c6 Rd4 39. Rh7
Rd3 40. Nc2 Rd6 41. c7 Rc6 42. Kd2 Bf7 $11 43. Rh8+ Kd7 44. Rf8 Be8 45. Nd4
Rxc7 46. Rxf6 h5 47. Ra6 Rb7 48. Kc3 Rc7+ 49. Kd2 Rb7 50. b3 Bf7 51. Rxa5 Bxb3
52. Rxh5 Ke7 53. Rf5 Bf7 54. h4 Rb6 55. Ke3 Rf6 56. Ra5 Kf8 57. Ne2 Rh6 58. Ra4
Kg7 59. Ng3 Re6+ 60. Kf4 Rf6+ 61. Ke3 Re6+ 62. Kf4 Rf6+ 1/2-1/2

[Event "SK Turm Emsdetten 2 - SV Wattenscheid 2"]
[Site "Oberliga NRW 2013/2014"]
[Date "2013.10.06"]
[Round "2.5"]
[White "Thiel, Thomas"]
[Black "Richter, Christian"]
[Result "1/2-1/2"]
[WhiteElo "2290"]
[BlackElo "2330"]
[PlyCount "32"]
[EventDate "2013.??.??"]
[WhiteTeam "SV Wattenscheid 2"]
[BlackTeam "SK Turm Emsdetten 2"]

1. e4 e5 2. Nf3 Nc6 3. d4 exd4 4. Nxd4 Nf6 5. Nxc6 bxc6 6. e5 Qe7 7. Qe2 Nd5 8.
c4 Ba6 9. Nd2 Nb4 10. Nf3 c5 11. a3 Nc6 12. Bd2 Qe6 13. Bc3 Be7 14. O-O-O O-O-O
15. h4 Rhf8 16. Qe4 f6 1/2-1/2

[Event "SK Turm Emsdetten 2 - SV Wattenscheid 2"]
[Site "Oberliga NRW 2013/2014"]
[Date "2013.10.06"]
[Round "2.6"]
[White "Rijnaarts, Sjef"]
[Black "Hirsch, Stefan"]
[Result "1-0"]
[WhiteElo "2390"]
[BlackElo "2210"]
[PlyCount "49"]
[EventDate "2013.??.??"]
[WhiteTeam "SK Turm Emsdetten 2"]
[BlackTeam "SV Wattenscheid 2"]

1. e4 e5 2. Nf3 Nc6 3. Bb5 a6 4. Ba4 Nf6 5. O-O Be7 6. Re1 b5 7. Bb3 d6 8. c3
O-O 9. h3 Nb8 10. d4 Nbd7 11. Nbd2 Bb7 12. Bc2 Re8 13. Nf1 Bf8 14. Ng3 g6 15.
Nh2 d5 16. dxe5 Nxe4 17. Nxe4 dxe4 18. Ng4 Bg7 19. Bxe4 Bxe4 20. Rxe4 Nxe5 21.
Nh6+ Kf8 22. Be3 Qxd1+ 23. Rxd1 Nc4 24. Bc5+ Nd6 25. Rxd6 1-0

[Event "SK Turm Emsdetten 2 - SV Wattenscheid 2"]
[Site "Oberliga NRW 2013/2014"]
[Date "2013.10.06"]
[Round "2.7"]
[White "Koerber, Matthias"]
[Black "Smit, Erik"]
[Result "1/2-1/2"]
[WhiteElo "2085"]
[BlackElo "2187"]
[PlyCount "101"]
[EventDate "2013.??.??"]
[WhiteTeam "SV Wattenscheid 2"]
[BlackTeam "SK Turm Emsdetten 2"]

1. d4 Nf6 2. c4 e6 3. Nc3 d5 4. cxd5 exd5 5. Bg5 Be7 6. e3 c6 7. Qc2 Nbd7 8.
Bd3 Nf8 9. Nge2 Ne6 10. Bh4 g6 11. O-O Ng7 12. f3 O-O 13. Rae1 Re8 14. h3 Nfh5
15. Bf2 Bh4 16. e4 Bxf2+ 17. Rxf2 Ne6 18. e5 Qh4 19. f4 Nexf4 20. Ref1 Nxe2+
21. Nxe2 Be6 22. Qd2 Ng3 23. Nxg3 Qxg3 24. Rf6 Rac8 25. R1f3 Qh4 26. R3f4 Qh6
27. Qf2 c5 28. dxc5 Qg5 29. Qd4 Bxh3 30. Qxd5 Be6 31. Qxb7 Qxe5 32. Rxf7 Bxf7
33. Qxf7+ Kh8 34. Bxg6 Re7 35. Qf5 Qxc5+ 36. Qxc5 Rxc5 37. Bd3 Rc1+ 38. Kh2 Rd1
39. Bc4 Kg7 40. b3 Kg6 41. Kg3 Re3+ 42. Kh2 Re5 43. Rf2 a5 44. g3 Kg5 45. a4
Rd6 46. Kg2 Re1 47. Rc2 Red1 48. Kf3 Rf6+ 49. Kg2 Rfd6 50. Kf3 Rf6+ 51. Kg2
1/2-1/2

[Event "SK Turm Emsdetten 2 - SV Wattenscheid 2"]
[Site "Oberliga NRW 2013/2014"]
[Date "2013.10.06"]
[Round "2.8"]
[White "Topp, Michael"]
[Black "Wolf, Ulrich"]
[Result "1-0"]
[WhiteElo "2002"]
[BlackElo "2032"]
[Annotator "Doe,John"]
[PlyCount "63"]
[EventDate "2013.??.??"]
[WhiteTeam "SK Turm Emsdetten 2"]
[BlackTeam "SV Wattenscheid 2"]

1. d4 Nf6 2. c4 e6 3. Nc3 d5 4. cxd5 exd5 5. Bg5 Nbd7 6. e3 Be7 7. Qc2 c6 8.
Bd3 O-O 9. Nge2 Re8 10. O-O Nf8 11. f3 g6 12. Rad1 Ne6 13. Bh4 b6 14. Rfe1 Bb7
15. Bf2 c5 $11 16. dxc5 bxc5 17. Bb5 Rf8 18. Bc4 Qa5 19. Nxd5 Nxd5 20. Bxd5
Bxd5 21. Rxd5 Qxa2 22. Nc3 Qc4 23. Ra1 Rfb8 24. Rd7 Bf6 25. Bg3 Qb3 26. Qe4 Rd8
27. Rb7 Ng5 28. Rxb3 Nxe4 29. Nxe4 Be7 30. Rb7 Kf8 31. Kf1 a6 32. Ke2 1-0

[Event "SV Wattenscheid 2 - SV Mülheim-Nord 2"]
[Site "Oberliga NRW 2013/2014"]
[Date "2013.11.17"]
[Round "3.1"]
[White "Hausrath, Daniel"]
[Black "Mladenov, Svetlin"]
[Result "1/2-1/2"]
[WhiteElo "2521"]
[BlackElo "2453"]
[PlyCount "46"]
[EventDate "2013.??.??"]
[WhiteTeam "SV Mülheim-Nord 2"]
[BlackTeam "SV Wattenscheid 2"]

1. d4 d5 2. c4 c6 3. cxd5 cxd5 4. Nc3 Nf6 5. Nf3 Nc6 6. Bf4 Bf5 7. e3 e6 8. Bd3
Bxd3 9. Qxd3 Bd6 10. Bxd6 Qxd6 11. O-O O-O 12. Rac1 Rac8 13. a3 a6 14. Ne2 Ne4
15. Rc2 Rc7 16. Rfc1 Rfc8 17. h3 h6 18. Nc3 Nxc3 19. Rxc3 Ne7 20. Rxc7 Rxc7 21.
Rc3 Rxc3 22. Qxc3 Qc6 23. Qxc6 Nxc6 1/2-1/2

[Event "SV Wattenscheid 2 - SV Mülheim-Nord 2"]
[Site "Oberliga NRW 2013/2014"]
[Date "2013.11.17"]
[Round "3.2"]
[White "Schoorl, Rob"]
[Black "Rezasade, Amir"]
[Result "1/2-1/2"]
[WhiteElo "2322"]
[BlackElo "2268"]
[PlyCount "54"]
[EventDate "2013.??.??"]
[WhiteTeam "SV Wattenscheid 2"]
[BlackTeam "SV Mülheim-Nord 2"]

1. e4 c6 2. d4 d5 3. e5 c5 4. dxc5 e6 5. a3 Nc6 6. Nf3 Bxc5 7. b4 Bb6 8. Bd3 f6
9. Bb2 f5 10. O-O Nge7 11. Nbd2 O-O 12. c4 Bd7 13. Rc1 a6 14. cxd5 Nxd5 15. Nc4
Bc7 16. Re1 Be8 17. Nd6 Bxd6 18. exd6 Qxd6 19. Bc4 Rd8 20. Ng5 e5 21. f4 e4 22.
Rc2 h6 23. Rd2 Nce7 24. Nh3 Bc6 25. Re3 Rf7 26. Rg3 b5 27. Bb3 Rd7 1/2-1/2

[Event "SV Wattenscheid 2 - SV Mülheim-Nord 2"]
[Site "Oberliga NRW 2013/2014"]
[Date "2013.11.17"]
[Round "3.3"]
[White "Zwirs, Nico"]
[Black "Straeter, Timo"]
[Result "1/2-1/2"]
[WhiteElo "2279"]
[BlackElo "2320"]
[Annotator "Doe,John"]
[PlyCount "168"]
[EventDate "2013.??.??"]
[WhiteTeam "SV Mülheim-Nord 2"]
[BlackTeam "SV Wattenscheid 2"]

1. e4 e5 2. Nf3 Nc6 3. Bc4 Bc5 4. c3 Nf6 5. d3 O-O 6. O-O d6 7. Bb3 h6 8. h3 a6
9. Nbd2 Ba7 10. Re1 Nh5 11. Nf1 Qf6 12. N1h2 Nf4 13. d4 Re8 14. Bc2 g5 15. Be3
Kg7 16. dxe5 dxe5 17. Bxa7 Rxa7 18. Qc1 Ra8 19. Qe3 Ne7 20. Ng4 Bxg4 21. hxg4
Neg6 22. g3 Ne6 23. Nh2 Rad8 24. Qf3 Qxf3 25. Nxf3 a5 26. Rad1 c6 27. Nd2 b5
28. Nf1 Nc5 29. Ne3 Ne7 30. Kf1 a4 31. Ke2 Kf6 32. Rh1 Kg7 33. Rhe1 Kg6 34. Rh1
f6 35. Kf3 Kg7 36. Ke2 Ne6 37. Kf3 Rxd1 38. Rxd1 Rd8 39. Rxd8 Nxd8 40. b3 axb3
41. axb3 Nf7 42. b4 Nd6 43. Bb3 Kf8 44. Be6 Ke8 45. Nc2 $11 Kd8 46. Ke3 Kc7 47.
Ne1 c5 48. bxc5 Nb7 49. Nd3 Kc6 50. Bf7 Nxc5 51. Be8+ Kb6 52. Nb4 Nb7 53. Kd3
Nd6 54. Bd7 Kc7 55. Bf5 Nb7 56. c4 Nc5+ 57. Kc3 bxc4 58. Kxc4 Kd6 59. f3 Nb7
60. Nc2 Na5+ 61. Kc3 Kc5 62. Bd7 Nc4 63. Kd3 Nb6 64. Be8 Nbc8 65. Bf7 Nd6 66.
Bb3 Nb5 67. Bf7 Nc8 68. Be8 Nd4 69. Nxd4 exd4 70. Bf7 Nd6 71. Bb3 Nb5 72. f4
Nc7 73. Bc4 Na8 74. Bb3 Nb6 75. e5 fxe5 76. fxe5 Nd5 77. Ke4 Ne3 78. e6 Kd6 79.
Kxd4 Nxg4 80. Ke4 Ke7 81. Kf5 Ne3+ 82. Kg6 Nf1 83. g4 Ne3 84. Kxh6 Nxg4+
1/2-1/2

[Event "SV Wattenscheid 2 - SV Mülheim-Nord 2"]
[Site "Oberliga NRW 2013/2014"]
[Date "2013.11.17"]
[Round "3.4"]
[White "Hopman, Pieter"]
[Black "Smith, Thijmen"]
[Result "1/2-1/2"]
[WhiteElo "2337"]
[BlackElo "2195"]
[Annotator "Doe,John"]
[PlyCount "107"]
[EventDate "2013.??.??"]
[WhiteTeam "SV Wattenscheid 2"]
[BlackTeam "SV Mülheim-Nord 2"]

1. d4 Nf6 2. c4 g6 3. Nc3 d5 4. cxd5 Nxd5 5. e4 Nxc3 6. bxc3 Bg7 7. Bc4 c5 8.
Ne2 Nc6 9. Be3 O-O 10. Rc1 cxd4 11. cxd4 Qa5+ 12. Kf1 Qa3 13. Rc3 Qd6 14. h4
Bg4 15. f3 Bd7 16. h5 e5 17. d5 Na5 18. Bd3 b6 19. hxg6 hxg6 20. Qd2 Rfc8 21.
Ba6 Rxc3 22. Qxc3 Rb8 23. Kf2 Nb7 24. Bxb7 Rxb7 25. Rc1 Bf8 26. g3 a5 27. f4
Bg7 28. fxe5 Bxe5 29. Bd4 Qf6+ 30. Kg2 Bxd4 31. Nxd4 Qe5 32. Qd3 f5 33. Nc6
Qxe4+ 34. Qxe4 fxe4 35. Kf2 Bxc6 36. Rxc6 Kf7 $11 37. Ke3 b5 38. Kxe4 b4 39.
Ra6 b3 40. axb3 Rxb3 41. g4 Rb4+ 42. Ke5 Rxg4 43. Ra7+ Ke8 44. Rxa5 g5 45. Kd6
Rd4 46. Ra8+ Kf7 47. Ra7+ Kf6 48. Ra1 g4 49. Kc6 Ke5 50. Re1+ Kf4 51. d6 g3 52.
d7 g2 53. Kc7 Kf3 54. d8=Q 1/2-1/2

[Event "SV Wattenscheid 2 - SV Mülheim-Nord 2"]
[Site "Oberliga NRW 2013/2014"]
[Date "2013.11.17"]
[Round "3.5"]
[White "van Osch, Mees"]
[Black "Thiel, Thomas"]
[Result "0-1"]
[WhiteElo "2207"]
[BlackElo "2297"]
[PlyCount "56"]
[EventDate "2013.??.??"]
[WhiteTeam "SV Mülheim-Nord 2"]
[BlackTeam "SV Wattenscheid 2"]

1. e4 c5 2. Nf3 Nc6 3. d4 cxd4 4. Nxd4 Nf6 5. Nc3 e6 6. Ndb5 Bc5 7. Nd6+ Ke7 8.
Bf4 e5 9. Nf5+ Kf8 10. Bg5 h6 11. Be3 Bb4 12. Bc4 d6 13. Ng3 Na5 14. Qd3 Qc7
15. Bb3 Be6 16. O-O Bxc3 17. bxc3 Bc4 18. Bxc4 Nxc4 19. Nf5 g6 20. Bxh6+ Rxh6
21. Nxh6 Kg7 22. Qf3 Nd2 23. Nf5+ gxf5 24. Qxf5 Ndxe4 25. f3 Qc5+ 26. Kh1 Ng3+
27. hxg3 Rh8+ 28. Qh3 Rxh3+ 0-1

[Event "SV Wattenscheid 2 - SV Mülheim-Nord 2"]
[Site "Oberliga NRW 2013/2014"]
[Date "2013.11.17"]
[Round "3.6"]
[White "Hirsch, Stefan"]
[Black "Krueger, Andre"]
[Result "0-1"]
[WhiteElo "2210"]
[BlackElo "2056"]
[PlyCount "104"]
[EventDate "2013.??.??"]
[WhiteTeam "SV Wattenscheid 2"]
[BlackTeam "SV Mülheim-Nord 2"]

1. e4 c6 2. d4 d5 3. e5 c5 4. dxc5 e6 5. Nf3 Bxc5 6. Bd3 Nc6 7. c3 Nge7 8. Qe2
Ng6 9. O-O Bb6 10. Na3 a6 11. Nc2 Bc7 12. Bxg6 hxg6 13. Ncd4 Bd7 14. Re1 Rh5
15. g4 Nxd4 16. cxd4 Bb5 17. Qd1 Rh8 18. a4 Bd7 19. Bd2 Bb6 20. Qb3 Rh3 21. Kg2
Qh4 22. Nxh4 Rxb3 23. Bc3 Rc8 24. Nf3 Ba7 25. Rec1 Rb6 26. Ra3 Rc4 27. Rca1
Rbc6 28. h3 Rc7 29. Kf1 g5 30. Ke2 f6 31. Ke3 Kf7 32. Nd2 fxe5 33. Nxc4 Rxc4
34. Kf3 exd4 35. Bd2 Kg6 36. b3 Rc8 37. Rc1 Rf8+ 38. Kg2 d3 39. Rf1 e5 40. Raa1
e4 41. Rac1 Bc6 42. Bb4 Re8 43. Rfd1 d4 44. Kf1 Bd5 45. Rc7 Bxb3 46. Rxb7 Bxd1
47. Rxa7 Rb8 48. Rxa6+ Kh7 49. Ke1 Rxb4 50. Kxd1 e3 51. fxe3 dxe3 52. a5 Rb1#
0-1

[Event "SV Wattenscheid 2 - SV Mülheim-Nord 2"]
[Site "Oberliga NRW 2013/2014"]
[Date "2013.11.17"]
[Round "3.7"]
[White "Bus, Tom"]
[Black "De Ruiter, Danny"]
[Result "0-1"]
[WhiteElo "2079"]
[BlackElo "2252"]
[PlyCount "74"]
[EventDate "2013.??.??"]
[WhiteTeam "SV Mülheim-Nord 2"]
[BlackTeam "SV Wattenscheid 2"]

1. c4 Nf6 2. g3 g6 3. Bg2 Bg7 4. Nc3 d6 5. d3 e5 6. e4 Nc6 7. Nge2 Nd7 8. Be3
Nd4 9. O-O Nc5 10. Qd2 h5 11. h4 a5 12. Rab1 c6 13. Kh2 Bf6 14. f3 Rg8 15. Rbd1
Bd7 16. Bf2 Nce6 17. Nxd4 Nxd4 18. Ne2 Nxe2 19. Qxe2 c5 20. Be3 g5 21. hxg5
Bxg5 22. f4 Bg4 23. Qf2 exf4 24. Rc1 fxg3+ 25. Qxg3 Bxe3 26. Qxe3 Qh4+ 27. Bh3
Be6 28. Rf4 Qg5 29. Rcf1 O-O-O 30. Bxe6+ fxe6 31. Qh3 Kb8 32. Kh1 Ka7 33. R4f2
Qe5 34. b3 Rg3 35. Qh4 Rdg8 36. Rd1 R8g4 37. Qh2 Qg5 0-1

[Event "SV Wattenscheid 2 - SV Mülheim-Nord 2"]
[Site "Oberliga NRW 2013/2014"]
[Date "2013.11.17"]
[Round "3.8"]
[White "De Weerd, Warner"]
[Black "Beerdsen, Thomas"]
[Result "0-1"]
[WhiteElo "2162"]
[BlackElo "2158"]
[PlyCount "100"]
[EventDate "2013.??.??"]
[WhiteTeam "SV Wattenscheid 2"]
[BlackTeam "SV Mülheim-Nord 2"]

1. d4 d5 2. c4 c6 3. e3 Nf6 4. Nc3 e6 5. Nf3 Nbd7 6. Bd3 dxc4 7. Bxc4 b5 8. Bd3
Bb7 9. O-O Bd6 10. e4 e5 11. d5 b4 12. dxc6 Bxc6 13. Bb5 Bxb5 14. Nxb5 Be7 15.
Nd6+ Bxd6 16. Qxd6 Qe7 17. Qd3 O-O 18. Bg5 Qe6 19. Bxf6 Nxf6 20. Rfc1 Rfd8 21.
Qb5 Nxe4 22. Qxb4 Nf6 23. Re1 Rd5 24. Qb7 Rad8 25. Qxa7 e4 26. h3 Nh5 27. Qc7
Rc8 28. Qb7 Re8 29. Rac1 Nf4 30. Rc6 Qf5 31. Rc4 h6 32. Nh4 Qg5 33. Rcxe4 Rxe4
34. Rxe4 Nxh3+ 35. Kh2 Nxf2 36. Re8+ Kh7 37. Nf3 Qf4+ 38. Kg1 Nh3+ 39. Kh1 Rd1+
40. Ne1 Nf2+ 41. Kg1 Nd3 42. Qe4+ Qxe4 43. Rxe4 f5 44. Re3 Nxe1 45. Kh2 f4 46.
Re4 Nd3 47. Re2 Nc1 48. Rf2 Nxa2 49. Rxf4 Rd2 50. b3 Rb2 0-1

[Event "SK Münster 1 - SK Turm Emsdetten 2"]
[Site "Oberliga NRW 2013/2014"]
[Date "2013.11.17"]
[Round "3.1"]
[White "Kabatianski, Alexander"]
[Black "Molinaroli, Martin"]
[Result "1-0"]
[WhiteElo "2422"]
[BlackElo "2215"]
[PlyCount "95"]
[EventDate "2013.??.??"]
[WhiteTeam "SK Turm Emsdetten 2"]
[BlackTeam "SK Münster 1"]

1. d4 g6 2. Nf3 Nf6 3. c4 Bg7 4. g3 O-O 5. Bg2 d6 6. O-O c6 7. Nc3 Qa5 8. Nd2
e5 9. d5 cxd5 10. cxd5 Na6 11. Nc4 Qc7 12. b3 Bd7 13. a4 Nc5 14. Bd2 Rfc8 15.
Na3 a5 16. Rc1 b6 17. Ncb5 Bxb5 18. Nxb5 Qe7 19. Rc4 Nfd7 20. e4 Rf8 21. f4 f5
22. exf5 gxf5 23. fxe5 Nxe5 24. Rcf4 Ne4 25. Rxf5 Rxf5 26. Rxf5 Nxd2 27. Qxd2
Rf8 28. Nd4 Ng6 29. Rxf8+ Qxf8 30. Be4 Qf6 31. Nf5 Qa1+ 32. Kg2 Be5 33. h4 Kf7
34. Qf2 Ke8 35. Qxb6 Qb2+ 36. Kh3 Qe2 37. Qe3 Qd1 38. Nxd6+ Kd7 39. Nc4 Qf1+
40. Kg4 Qd1+ 41. Kg5 Bd4 42. Bf5+ Kd8 43. Qe6 Nf8 44. Qf7 Bc5 45. d6 h6+ 46.
Kxh6 Qc1+ 47. Kg7 Bd4+ 48. Kg8 1-0

[Event "SK Münster 1 - SK Turm Emsdetten 2"]
[Site "Oberliga NRW 2013/2014"]
[Date "2013.11.17"]
[Round "3.2"]
[White "Emunds, Hans Georg"]
[Black "Kuipers, Stefan"]
[Result "1/2-1/2"]
[WhiteElo "2203"]
[BlackElo "2391"]
[PlyCount "48"]
[EventDate "2013.??.??"]
[WhiteTeam "SK Münster 1"]
[BlackTeam "SK Turm Emsdetten 2"]

1. e4 e6 2. d4 d5 3. Nd2 Be7 4. Ngf3 Nf6 5. Bd3 c5 6. exd5 Nxd5 7. Nb3 cxd4 8.
Nbxd4 O-O 9. O-O Nb4 10. Be2 Bf6 11. c3 Nd5 12. c4 Ne7 13. Nb5 Nbc6 14. Qb3 Nf5
15. Rd1 Qe7 16. Bd3 a6 17. Bxf5 axb5 18. Be4 bxc4 19. Qxc4 Bd7 20. Be3 Na5 21.
Qc5 Bc6 22. Bxc6 Nxc6 23. Qxe7 Nxe7 24. Bd4 Bxd4 1/2-1/2

[Event "SK Münster 1 - SK Turm Emsdetten 2"]
[Site "Oberliga NRW 2013/2014"]
[Date "2013.11.17"]
[Round "3.3"]
[White "Richter, Christian"]
[Black "Wolter, Kai"]
[Result "1/2-1/2"]
[WhiteElo "2330"]
[BlackElo "2238"]
[PlyCount "93"]
[EventDate "2013.??.??"]
[WhiteTeam "SK Turm Emsdetten 2"]
[BlackTeam "SK Münster 1"]

1. d4 g6 2. g3 Bg7 3. Bg2 d5 4. Nf3 c6 5. O-O Nf6 6. Nbd2 O-O 7. Re1 Bf5 8. c3
Nbd7 9. Nh4 Be6 10. Nhf3 Bf5 11. Nh4 Be6 12. a4 a5 13. Nhf3 Bf5 14. Nh4 Be6 15.
e4 dxe4 16. Nxe4 Nxe4 17. Bxe4 Nf6 18. Bg2 Bd5 19. Bh3 Re8 20. Qe2 Bb3 21. Nf3
Bd5 22. Nh4 Bb3 23. Nf3 Bd5 24. Ne5 Qb6 25. Be3 Qa6 26. c4 Be4 27. g4 c5 28.
dxc5 Rad8 29. f3 Bc6 30. Bg2 Nd7 31. Nxc6 bxc6 32. Rad1 Nf8 33. b3 Ne6 34. Rxd8
Rxd8 35. Rd1 Nd4 36. Qf2 e5 37. f4 Qc8 38. h3 Nxb3 39. Rxd8+ Qxd8 40. Bxc6 exf4
41. Qxf4 Nd4 42. Bf3 Be5 43. Qe4 Nxf3+ 44. Qxf3 Qd3 45. Kf2 Qc2+ 46. Kg1 Qd3
47. Kf2 1/2-1/2

[Event "SK Münster 1 - SK Turm Emsdetten 2"]
[Site "Oberliga NRW 2013/2014"]
[Date "2013.11.17"]
[Round "3.4"]
[White "Bolwerk, Peter"]
[Black "Rijnaarts, Sjef"]
[Result "0-1"]
[WhiteElo "2222"]
[BlackElo "2390"]
[PlyCount "96"]
[EventDate "2013.??.??"]
[WhiteTeam "SK Münster 1"]
[BlackTeam "SK Turm Emsdetten 2"]

1. e4 c5 2. Nf3 d6 3. d4 cxd4 4. Nxd4 Nf6 5. Nc3 e6 6. f3 Be7 7. Be3 O-O 8. Qd2
e5 9. Nb3 a5 10. Bb5 Be6 11. O-O-O Nbd7 12. Qf2 Qc7 13. g4 Rfc8 14. g5 Nh5 15.
Bxd7 Qxd7 16. Nc5 Qe8 17. N5a4 Bxa2 18. Nb6 Rxc3 19. bxc3 Ra6 20. c4 Qc6 21. c5
dxc5 22. Bxc5 Rxb6 23. Bxb6 Ba3+ 24. Kd2 Qd6+ 25. Ke1 Bb4+ 26. Rd2 Bxd2+ 27.
Qxd2 Qxb6 28. Qc3 h6 29. Kd2 hxg5 30. Qxe5 Qf2+ 31. Kc1 Qxf3 32. Qe8+ Kh7 33.
Rd1 Qa3+ 34. Kd2 Nf6 35. Qe5 Qb4+ 36. Ke2 Qxe4+ 37. Qxe4+ Nxe4 38. Ra1 Bd5 39.
Rxa5 Bc6 40. Ke3 Kg6 41. Re5 f5 42. Kd4 f4 43. c4 f3 44. Ke3 f2 45. Ke2 Kf6 46.
Ra5 Bd7 47. Ra3 Bg4+ 48. Kf1 Be6 0-1

[Event "SK Münster 1 - SK Turm Emsdetten 2"]
[Site "Oberliga NRW 2013/2014"]
[Date "2013.11.17"]
[Round "3.5"]
[White "Van Foreest, Jorden"]
[Black "Kamp, Christoph"]
[Result "1/2-1/2"]
[WhiteElo "2303"]
[BlackElo "2156"]
[PlyCount "223"]
[EventDate "2013.??.??"]
[WhiteTeam "SK Turm Emsdetten 2"]
[BlackTeam "SK Münster 1"]

1. e4 e6 2. d4 d5 3. Nd2 Nf6 4. Bd3 c5 5. dxc5 Bxc5 6. Qe2 Nc6 7. c3 a5 8. Ngf3
O-O 9. O-O a4 10. h3 b6 11. Re1 Re8 12. e5 Nd7 13. Nf1 f5 14. Bg5 Qc7 15. b4
axb3 16. axb3 Rxa1 17. Rxa1 Ndxe5 18. Nxe5 Nxe5 19. Bb5 Nc6 20. Bf4 Bd6 21.
Bxd6 Qxd6 22. Bxc6 Qxc6 23. Qe5 Re7 24. Nd2 Qc7 25. Nf3 Qxe5 26. Nxe5 Rc7 27.
c4 g5 28. g3 f4 29. Ra8 Kg7 30. Rb8 Bb7 31. h4 Kf6 32. Ng4+ Kf5 33. f3 fxg3 34.
h5 e5 35. Kg2 Ke6 36. cxd5+ Kxd5 37. h6 Kd4 38. Kxg3 Rf7 39. Rd8+ Bd5 40. Kf2
Rxf3+ 41. Ke2 Rxb3 42. Nf6 Rb2+ 43. Kd1 Rb5 44. Nxh7 Kc3 45. Nxg5 Bb3+ 46. Ke2
Bc2 47. Nf3 Rc5 48. Ng5 b5 49. h7 Bxh7 50. Nxh7 b4 51. Nf6 Rb5 52. Kd1 b3 53.
Kc1 Ra5 54. Ne4+ Kb4 55. Nd2 Rc5+ 56. Kb1 Rc3 57. Rb8+ Ka4 58. Re8 Re3 59. Kb2
Kb4 60. Rb8+ Kc5 61. Nxb3+ Kd5 62. Nd2 Rh3 63. Kc2 Rh2 64. Rd8+ Ke6 65. Kd3
Rh3+ 66. Ke4 Rh4+ 67. Ke3 Ra4 68. Nf3 Ra3+ 69. Kf2 Ra2+ 70. Kg3 Ra3 71. Kg4
Ra4+ 72. Kg5 e4 73. Nd4+ Ke5 74. Nc6+ Ke6 75. Kf4 Rc4 76. Nd4+ Ke7 77. Rd5 Rc3
78. Nf5+ Ke6 79. Rd6+ Kf7 80. Ke5 Rc5+ 81. Kxe4 Rc1 82. Ng3 Ra1 83. Kf4 Ra4+
84. Ne4 Ra1 85. Nc3 Rf1+ 86. Ke5 Rh1 87. Nd5 Re1+ 88. Kf5 Rf1+ 89. Nf4 Ke7 90.
Rd3 Rf2 91. Ke5 Rf1 92. Nd5+ Kf7 93. Nc3 Ke7 94. Rh3 Re1+ 95. Ne4 Kd7 96. Rh6
Kc7 97. Kd4 Rd1+ 98. Kc4 Rc1+ 99. Nc3 Kd7 100. Kd4 Ke7 101. Ne4 Ra1 102. Kd5
Ra5+ 103. Nc5 Kf7 104. Rc6 Ra1 105. Ke5 Ra5 106. Kf5 Ke7 107. Ke4 Ra1 108. Ke5
Re1+ 109. Ne4 Kd7 110. Rc3 Re2 111. Kd5 Re1 112. Nf6+ 1/2-1/2

[Event "SK Münster 1 - SK Turm Emsdetten 2"]
[Site "Oberliga NRW 2013/2014"]
[Date "2013.11.17"]
[Round "3.6"]
[White "Chilla, Jan Eric"]
[Black "Lambrechts, Koen"]
[Result "1/2-1/2"]
[WhiteElo "2129"]
[BlackElo "2267"]
[Annotator "Doe,John"]
[PlyCount "104"]
[EventDate "2013.??.??"]
[WhiteTeam "SK Münster 1"]
[BlackTeam "SK Turm Emsdetten 2"]

1. Nf3 d5 2. c4 c6 3. b3 Bf5 4. Bb2 e6 5. g3 Nf6 6. Bg2 h6 7. O-O Be7 8. d3 O-O
9. Nbd2 Nbd7 10. a3 a5 11. Ra2 Bh7 12. Qa1 Nc5 13. Bc3 Ne8 14. Rc1 f6 15. cxd5
cxd5 16. Bh3 Ra6 17. Bd4 Nd7 18. Rac2 Qb8 19. Bb2 f5 20. Ne5 Nxe5 21. Bxe5 Bd6
22. Nf3 Nf6 23. Qd4 Bg6 24. Bxf6 gxf6 25. Qe3 Kf7 26. Nd4 Be5 27. f4 Bxd4 28.
Qxd4 Kg7 29. Rc7+ Rf7 30. Qc5 Qd8 31. d4 Qd6 32. e3 Rb6 $11 33. Qxd6 Rxd6 34.
R7c5 Rb6 35. R1c3 Ra6 36. Bf1 Ra7 37. Bb5 Ra8 38. Kf2 Kf8 39. Ba4 Ke7 40. Rb5
Kd8 41. Rb6 Ra6 42. Rxa6 bxa6 43. Rc6 Rc7 44. Rxe6 Rc2+ 45. Kf1 Bh5 46. Rxf6
Rc1+ 47. Kf2 Rc2+ 48. Ke1 Re2+ 49. Kf1 Rxh2 50. Rxf5 Bf3 51. Bc6 Be4 52. Rxd5+
Kc7 1/2-1/2

[Event "SK Münster 1 - SK Turm Emsdetten 2"]
[Site "Oberliga NRW 2013/2014"]
[Date "2013.11.17"]
[Round "3.7"]
[White "Rietman, Frits"]
[Black "Rott, Georg"]
[Result "1-0"]
[WhiteElo "2274"]
[BlackElo "2147"]
[PlyCount "69"]
[EventDate "2013.??.??"]
[WhiteTeam "SK Turm Emsdetten 2"]
[BlackTeam "SK Münster 1"]

1. e4 e6 2. d4 d5 3. Nd2 c5 4. exd5 Qxd5 5. Ngf3 cxd4 6. Bc4 Qd6 7. Qe2 Nf6 8.
Nb3 Nc6 9. Bg5 Be7 10. O-O-O O-O 11. Nbxd4 Nd5 12. Nxc6 Bxg5+ 13. Nxg5 Qf4+ 14.
Kb1 bxc6 15. h4 Rb8 16. Bb3 a5 17. Qd3 g6 18. g3 Qb4 19. h5 a4 20. Rh4 axb3 21.
Rxb4 bxa2+ 22. Ka1 Nxb4 23. Qd2 e5 24. c3 Nd5 25. Rh1 f6 26. Ne4 g5 27. h6 Bf5
28. f3 Rfd8 29. Nxf6+ Kf7 30. Ne4 Nb4 31. Qxg5 Nc2+ 32. Kxa2 Be6+ 33. Kb1 Bb3
34. Qg7+ Ke6 35. Nc5+ 1-0

[Event "SK Münster 1 - SK Turm Emsdetten 2"]
[Site "Oberliga NRW 2013/2014"]
[Date "2013.11.17"]
[Round "3.8"]
[White "Rehfeldt, Frank"]
[Black "Schudro, Vasili"]
[Result "1/2-1/2"]
[WhiteElo "2094"]
[BlackElo "2108"]
[PlyCount "100"]
[EventDate "2013.??.??"]
[WhiteTeam "SK Münster 1"]
[BlackTeam "SK Turm Emsdetten 2"]

1. e4 c5 2. Nf3 Nc6 3. d4 cxd4 4. Nxd4 g6 5. c4 Bg7 6. Be3 Nf6 7. Nc3 Ng4 8.
Qxg4 Nxd4 9. Qd1 Ne6 10. Qd2 Qa5 11. Rc1 b6 12. Bd3 Bb7 13. O-O Rc8 14. Rfd1
O-O 15. Nd5 Qxd2 16. Nxe7+ Kh8 17. Rxd2 Rce8 18. Nd5 Nc5 19. Bxc5 bxc5 20. Rb1
a5 21. a3 a4 22. Bc2 Bc6 23. Nb6 f5 24. Nxd7 Bxd7 25. Rxd7 fxe4 26. Bxa4 Re6
27. Rd2 Bd4 28. Re2 Ref6 29. Rf1 e3 30. f3 Kg7 31. Bc2 Bxb2 32. Bxg6 Bd4 33.
Be4 Ra6 34. f4 Rxa3 35. g4 Ra2 36. Bd3 Rd2 37. Rxd2 exd2+ 38. Kg2 Rxf4 39. Rd1
Be3 40. Kg3 h6 41. Be2 Kf6 42. h4 Ke5 43. h5 Rf6 44. Ra1 Kd4 45. Ra8 Bf4+ 46.
Kg2 Bg5 47. Ra3 Be3 48. Kg3 Rf2 49. Rd3+ Ke4 50. Rxd2 Bxd2 1/2-1/2